000 01194nam a2200313Ia 4500
001 ebr10269031
003 CaPaEBR
006 m u
007 cr cn|||||||||
008 990803s2000 enka sb 001 0 eng d
010 _z 99042516
020 _z0195122364 (cl. : alk. paper)
020 _z9780195122367
040 _aCaPaEBR
_cCaPaEBR
035 _a(OCoLC)646787480
050 1 4 _aQK623.S6
_bD28 2000eb
082 0 4 _a579.5/67
_221
100 1 _aDavis, Rowland H.
245 1 0 _aNeurospora
_h[electronic resource] :
_bcontributions of a model organism /
_cRowland H. Davis.
260 _aOxford ;
_aNew York :
_bOxford University Press,
_c2000.
300 _axii, 333 p. :
_bill.
504 _aIncludes bibliographical references and index.
533 _aElectronic reproduction.
_bPalo Alto, Calif. :
_cebrary,
_d2009.
_nAvailable via World Wide Web.
_nAccess may be limited to ebrary affiliated libraries.
650 0 _aNeurospora
_xGenetics.
650 0 _aNeurospora.
655 7 _aElectronic books.
_2local
710 2 _aebrary, Inc.
856 4 0 _uhttp://site.ebrary.com/lib/rucke/Doc?id=10269031
_zAn electronic book accessible through the World Wide Web; click to view
999 _c8351
_d8351